Ils se sont produits au Stade de France - Statistiques

Statistiques générales
  • Ce quiz a été pris 59 fois
  • Le résultat moyen est 15 sur 55
Statistiques - réponses
Première et Dernière Genre Artistes/Groupes % Correct
2025 Rap JuL
87%
1998 / 2012 Rock Johnny Hallyday
79%
2014 / 2023 R'n'B Beyoncé
69%
2019 Rap Gims
63%
2008 / 2026 Electro David Guetta
60%
2001 / 2025 Metal AC DC
56%
2012 / 2022 Pop Rock Coldplay
52%
2010 / 2022 New wave Indochine
50%
2013 / 2016 R'n'B Rihanna
50%
1998 / 2014 Rock The Rolling Stones
44%
2022 Rap Booba
42%
1999 Variété Française Céline Dion
42%
2012 / 2022 Pop Lady Gaga
40%
2012 / 2023 Metal Metallica
37%
2009 / 2024 Pop Mylène Farmer
37%
2019 K-Pop BTS
35%
2025 Electro DJ Snake
35%
2005 / 2017 Rock U2
35%
2025 Rap Ninho
33%
2023 Rap Soprano
33%
2023 / 2025 K-Pop BLACKPINK
31%
2023 / 2026 R'n'B The Weeknd
31%
2004 Humoriste Jean-Marie Bigard
29%
2026 Rap PLK
27%
2014 / 2018 R'n'B Jay-Z
25%
2017 Rock Les Insus / Téléphone
25%
2025 Rock Linkin Park
23%
2008 / 2012 Pop Madonna
23%
2025 Pop Imagine Dragons
21%
2018 Pop / R'n'B Bruno Mars
19%
2009 / 2023 New wave Depeche Mode
17%
2013 Rap Eminem
17%
2010 / 2023 Rock Muse
15%
2014 Pop Justin Timberlake
13%
2011 Pop Prince
13%
2023 Metal Rammstein
13%
2003 / 2013 Rock Bruce Springsteen
12%
2018 / 2022 Pop Ed Sheeran
12%
2025 K-Pop Stray Kids
12%
2011 R'n'B The Black Eyed Peas
12%
2008 Classique André Rieu
10%
2014 Pop One Direction
10%
2007 Rock George Micheal
8%
2009 Zouk Kassav'
8%
2007 New wave The Police
8%
2010 Reggea Yannick Noah
8%
2025 Ndombolo Fally Ipupa
6%
2023 Rock Harry Styles
6%
2012 / 2021 Pop Rock Red Hot Chili Pepers
6%
2000 Rock Tina Turner
6%
2025 Afrobeat Burna Boy
4%
2017 Rock Guns 'N Roses
4%
2026 Rock System of a Down
4%
2004 / 2015 Rock Paul McCartney
2%
2013 Rock Roger Waters
0%
Aucun quiz correspondant
Distribution des résultats
% des personnes avec chaque résultat
Percentile par nombre de réponses
Votre historique - résultats
Vous n’avez pas pris ce quiz